|
|
|
|
| LEADER |
00000cam a2200000 c 4500 |
| 001 |
252505204 |
| 003 |
DE-627 |
| 005 |
20260206203851.0 |
| 007 |
tu |
| 008 |
981211s1998 gw ||||| 00| ||ger c |
| 015 |
|
|
|a 99,N01,0212
|2 dnb
|
| 015 |
|
|
|a 99,A09,0302
|2 dnb
|
| 016 |
7 |
|
|a 955264405
|2 DE-101
|
| 020 |
|
|
|a 3870617934
|9 3-87061-793-4
|
| 035 |
|
|
|a (DE-627)252505204
|
| 035 |
|
|
|a (DE-603)060889462
|
| 035 |
|
|
|a (DE-576)072084871
|
| 035 |
|
|
|a (DE-599)GBV252505204
|
| 035 |
|
|
|a (OCoLC)237337425
|
| 035 |
|
|
|a (OCoLC)48450808
|
| 040 |
|
|
|a DE-627
|b ger
|c DE-627
|e rakwb
|
| 041 |
|
|
|a ger
|
| 044 |
|
|
|c XA-DE
|
| 084 |
|
|
|a 16
|2 sdnb
|
| 084 |
|
|
|a 16
|a 10
|a 14
|a 11
|2 sdnb
|
| 084 |
|
|
|a MS 1090
|2 rvk
|0 (DE-625)rvk/123549:
|
| 084 |
|
|
|a MD 6000
|2 rvk
|0 (DE-625)rvk/122529:
|
| 084 |
|
|
|a MR 6050
|2 rvk
|0 (DE-625)rvk/123528:
|
| 084 |
|
|
|a 77.60
|2 bkl
|
| 245 |
0 |
0 |
|a Gleichgültigkeit und Gesellschaft
|b interdisziplinäre Annäherungen an ein Phänomen
|c Peter Krause ... (Hrsg). Mit einem Vorw. von Gesine Schwan
|
| 263 |
|
|
|a kart. : DM 44.00, sfr 41.00, S 321.00
|
| 264 |
|
1 |
|a Berlin
|b Berlin-Verlag Spitz
|c 1998
|
| 300 |
|
|
|a 182 S
|b graph. Darst
|c 21 cm
|
| 336 |
|
|
|a Text
|b txt
|2 rdacontent
|
| 337 |
|
|
|a ohne Hilfsmittel zu benutzen
|b n
|2 rdamedia
|
| 338 |
|
|
|a Band
|b nc
|2 rdacarrier
|
| 500 |
|
|
|a Literaturangaben
|
| 583 |
1 |
|
|a Archivierung prüfen
|c 20240324
|f DE-4165
|z 2
|2 pdager
|
| 650 |
0 |
7 |
|0 (DE-588)4125001-1
|0 (DE-627)105743488
|0 (DE-576)20957285X
|a Indifferenz
|2 gnd
|
| 650 |
0 |
7 |
|0 (DE-588)4055737-6
|0 (DE-627)106156977
|0 (DE-576)209115181
|a Soziale Verantwortung
|2 gnd
|
| 650 |
0 |
7 |
|0 (DE-588)4055891-5
|0 (DE-627)106156535
|0 (DE-576)209115777
|a Sozialpsychologie
|2 gnd
|
| 655 |
|
7 |
|a Aufsatzsammlung
|0 (DE-588)4143413-4
|0 (DE-627)105605727
|0 (DE-576)209726091
|2 gnd-content
|
| 689 |
0 |
0 |
|d s
|0 (DE-588)4125001-1
|0 (DE-627)105743488
|0 (DE-576)20957285X
|a Indifferenz
|2 gnd
|
| 689 |
0 |
1 |
|d s
|0 (DE-588)4055737-6
|0 (DE-627)106156977
|0 (DE-576)209115181
|a Soziale Verantwortung
|2 gnd
|
| 689 |
0 |
|
|5 DE-101
|
| 689 |
1 |
0 |
|d s
|0 (DE-588)4055891-5
|0 (DE-627)106156535
|0 (DE-576)209115777
|a Sozialpsychologie
|2 gnd
|
| 689 |
1 |
|
|5 DE-101
|
| 700 |
1 |
|
|a Krause, Peter
|d 1965-
|e Hrsg.
|0 (DE-588)1047318377
|0 (DE-627)778102920
|0 (DE-576)400893371
|4 edt
|
| 856 |
4 |
2 |
|u http://d-nb.info/955264405/04
|m B:DE-101
|q pdf/application
|v 20161127003401
|x Verlag
|3 Inhaltsverzeichnis
|7 1
|
| 856 |
4 |
2 |
|u http://scans.hebis.de/HEBCGI/show.pl?06088946_toc.pdf
|m V:DE-605;X:Imageware
|q application/pdf
|3 Inhaltsverzeichnis
|7 1
|
| 935 |
|
|
|i Blocktest
|
| 936 |
r |
v |
|a MS 1090
|b Allgemeine Darstellungen
|k Soziologie
|k Spezielle Soziologien
|k Gesamtgesellschaften
|k Allgemeine Darstellungen
|0 (DE-627)1271440121
|0 (DE-625)rvk/123549:
|0 (DE-576)201440121
|
| 936 |
r |
v |
|a MD 6000
|b Allgemeines
|k Politologie
|k Politische Theorie, Grundbegriffe des Politischen
|k Politisches Verhalten, politische Psychologie
|k Allgemeines
|0 (DE-627)1270862391
|0 (DE-625)rvk/122529:
|0 (DE-576)200862391
|
| 936 |
r |
v |
|a MR 6050
|b Persönlichkeitstheorien (auch Autoritarismus) und Anpassung
|k Soziologie
|k Sozialwissenschaftliche Theorien und Methoden
|k Psychologische Ansätze
|k Persönlichkeitstheorien (auch Autoritarismus) und Anpassung
|0 (DE-627)1271428245
|0 (DE-625)rvk/123528:
|0 (DE-576)201428245
|
| 936 |
b |
k |
|a 77.60
|j Sozialpsychologie: Allgemeines
|0 (DE-627)106413074
|
| 936 |
s |
n |
|a m100
|2 mzub
|
| 936 |
s |
n |
|a m200
|2 mzub
|
| 936 |
s |
n |
|a c100
|2 mzub
|
| 936 |
s |
n |
|a c200
|2 mzub
|
| 951 |
|
|
|a BO
|
| ELC |
|
|
|b 1
|
| LOK |
|
|
|0 000 xxxxxcx a22 zn 4500
|
| LOK |
|
|
|0 001 3287674730
|
| LOK |
|
|
|0 003 DE-627
|
| LOK |
|
|
|0 004 252505204
|
| LOK |
|
|
|0 005 20100407062023
|
| LOK |
|
|
|0 008 041215||||||||||||||||ger|||||||
|
| LOK |
|
|
|0 040
|a DE-21-58
|c DE-627
|d DE-21-58
|
| LOK |
|
|
|0 541
|e 99-564
|
| LOK |
|
|
|0 689
|a s
|0 1310615543
|a Sozialpsychologie
|
| LOK |
|
|
|0 852
|a DE-21-58
|
| LOK |
|
|
|0 852 1
|c C II 1117
|m p
|9 00
|
| LOK |
|
|
|0 935
|a k058
|
| LOK |
|
|
|0 938
|k p
|
| LOK |
|
|
|0 939
|a 15-12-04
|b l01
|
| LOK |
|
|
|0 000 xxxxxcx a22 zn 4500
|
| LOK |
|
|
|0 001 3287675338
|
| LOK |
|
|
|0 003 DE-627
|
| LOK |
|
|
|0 004 252505204
|
| LOK |
|
|
|0 005 19990302000000
|
| LOK |
|
|
|0 008 990210||||||||||||||||ger|||||||
|
| LOK |
|
|
|0 040
|a DE-Frei85
|c DE-627
|d DE-Frei85
|
| LOK |
|
|
|0 852
|a DE-Frei85
|
| LOK |
|
|
|0 852 1
|m p
|9 00
|
| LOK |
|
|
|0 938
|k p
|
| LOK |
|
|
|0 939
|a 10-02-99
|b l01
|
| ORI |
|
|
|a SA-MARC-krimdokb001.raw
|
| SPR |
|
|
|a 1
|t KRI
|